000 01097nam a2200241 i 4500
001 106512
003 ES-MaACL
005 20250428113620.0
007 t|
008 061128s1912 sp |||| |dspa d
080 _a929 Menéndez y Pelayo, Marcelino
100 1 _aBonilla y San Martín, Adolfo,
_d1875-1926
_930193
245 1 3 _aLa representación de Menéndez y Pelayo en la vida histórica nacional
_b: discurso leído en la sesión celebrada por el Ateneo Científico, Literario y Artístico de Madrid, en honor del insigne maestro, el 9 de noviembre de 1912 /
_cAdolfo Bonilla y San Martín.
260 _aMadrid :
_bVictoriano Suárez,
_c1912.
300 _a26 p. ;
_c17 cm.
530 _aDisponible en formato digital.
600 1 0 _aMenéndez y Pelayo, Marcelino,
_d1856-1912-
_vHomenajes
_9206510
610 2 4 _aAteneo de Madrid-
_vConferencias-
_y1900-1939
_91907
852 _aES-MaACL
_j2210-F-20
_cDEPOF
_zRevisado enlace: 28 de Abril de 2025
856 _uhttp://bdh-rd.bne.es/viewer.vm?id=0000113213&page=1
_yBiblioteca Digital Hispánica
942 _2udc
999 _c106512
_d106512